000 01257nac a22002771u 4500
010 _a 98013431
020 _a0471179817 (cloth : alk. paper)
082 0 0 _a658.202
_bDUF
090 _c8060
_d8060
100 _aDuffuaa, S.
245 1 0 _aPlanning and control of maintenance systems :
_bmodeling and analysis /
_cSalih O. Duffuaa, A. Raouf, John Dixon Campbell.
260 _aNew York :
_bWiley,c1999.
_cc1999.
300 _axxiv, 371 p. :
_bill. ;
_c25 cm.
500 _aDistributer: Al-Ahram.
504 _aIncludes bibliographical references and index.
511 _aCatalogued By: Mahitab.
650 0 _aPlant maintenance
_xManagement.
650 0 _aPlant maintenance
_xPlanning.
700 1 _aRaouf, A.
_q(Abdul),
_d1929-
700 1 _aCampbell, John Dixon.
856 4 2 _3Contributor biographical information
_uhttp://www.loc.gov/catdir/bios/wiley041/98013431.html
856 4 2 _3Publisher description
_uhttp://www.loc.gov/catdir/description/wiley032/98013431.html
856 4 2 _3Table of Contents
_uhttp://www.loc.gov/catdir/toc/onix03/98013431.html
942 _cBB
_k658.202DUF
999 _c8060
_d8060